[Event "Summer Chess Classic A 2018"]
[Site "Saint Louis"]
[Date "2018.05.15"]
[Round "1"]
[White "Xiong, Jeffery"]
[Black "Jumabayev, Rinat"]
[Result "1-0"]
[WhiteElo "2661"]
[BlackElo "2621"]
[Annotator "TA"]
[PlyCount "95"]
[EventDate "2018.??.??"]
[EventType "tourn"]
[EventCountry "USA"]
[SourceTitle "playchess.com"]
[Source "ChessBase"]
[SourceQuality "1"]

{[%evp 24,95,43,34,38,29,48,44,51,31,53,62,19,13,50,0,0,0,0,0,0,0,87,44,48,-21,-22,-9,0,0,-8,-22,29,22,37,0,0,0,0,-20,-15,-13,-17,-17,-13,-13,-12,-9,0,0,0,-7,0,-4,0,0,0,0,0,0,0,0,0,0,0,0,0,0,23,0,216,209,12842,12842]} 1. d4 d5 2. c4 c6 3. Nf3 Nf6 4. cxd5 cxd5 5. Nc3 Nc6 6. Bf4 a6 7. Rc1 Bf5 8. e3 e6 9. Qb3 Ra7 {D13: Slav Defence: Exchange variation without ...Bf5} 10. Be2 Be7 11. O-O O-O 12. Na4 Nd7 13. h3 {LiveBook: 3 Games} (13. a3 Bg4 14. h3 Bxf3 15. Bxf3 Na5 16. Qa2 Nc4 17. Be2 {0-1 (50) Akobian,V (2647)-Karjakin,S (2760) Riadh 2017}) 13... Na5 {[%cal Bc6a5,Ba5c4,Bc4d6,Bd6e4][%mdl 32]} 14. Qc3 Nc4 $146 ({Predecessor:} 14... Nc6 15. a3 Ra8 16. b4 Rc8 17. Qb3 {1-0 (46) Buss,R (2430)-Sipos,I (2461) Chur 2010}) 15. b3 Nd6 16. Nc5 Nxc5 17. dxc5 (17. Qxc5 Nb5 $17) 17... Ne4 18. Qd4 {[#] aiming for c6.} Ra8 19. b4 f6 $1 $36 {[%mdl 2048] Black has the initiative.} 20. Rfd1 e5 21. Nxe5 fxe5 22. Qxe5 Qe8 (22... Bg6 $11 {keeps the balance.}) 23. Qxd5+ Kh8 $1 24. Bg4 (24. Qxb7 $14 Bh4 25. g3) 24... Bxg4 $11 25. hxg4 Bf6 26. Qc4 h6 27. Rd3 Bg5 (27... Ng5 $142) 28. Rd4 Nf6 $1 ({Not} 28... Bxf4 $2 29. Rxe4 Bxe3 30. Rxe8 $18) 29. Bxg5 hxg5 30. Rcd1 Qe7 31. a4 Rad8 32. b5 Rxd4 33. Rxd4 axb5 34. axb5 Ra8 35. c6 bxc6 36. bxc6 Qc7 37. g3 Re8 38. Kh2 Kh7 39. Qc2+ Kg8 40. Qc4+ Kh8 41. Kg1 Kh7 42. Qb5 Re5 43. Qd3+ Kh6 44. Rd8 {Intending Rh8+ and mate.} Re4 45. Rd6 {Threatens to win with Rxf6+!} Ra4 46. Kg2 {And now Re6 would win.} Ra2 $2 {[#]} (46... Qe7 $11) 47. Qd1 $1 $18 {[%cal Rd1h1] White threatens Qh1+ and mate.} Rxf2+ $2 (47... Ra1 48. Rxf6+ (48. Qxa1 Qxd6 49. Qh1+ Kg6 $11) 48... gxf6 49. Qxa1 Qxc6+ 50. Kg1 Kg6) 48. Kxf2 {Precision: White = 62%, Black = 44%.} 1-0

[Event "Summer Chess Classic A 2018"]
[Site "Saint Louis"]
[Date "2018.05.15"]
[Round "1"]
[White "Fridman, Daniel"]
[Black "Durarbayli, Vasif"]
[Result "0-1"]
[WhiteElo "2636"]
[BlackElo "2618"]
[Annotator "TA"]
[PlyCount "108"]
[EventDate "2018.??.??"]
[EventType "tourn"]
[EventCountry "USA"]
[SourceTitle "playchess.com"]
[Source "ChessBase"]
[SourceQuality "1"]

{[%evp 11,108,0,26,10,17,19,22,35,53,28,27,25,41,18,6,12,12,6,15,7,7,0,0,0,0,0,0,0,0,-122,-118,-154,-28,-56,-45,-41,-62,-115,-79,-97,-89,-154,-156,-226,-218,-212,-222,-212,-224,-214,-210,-268,-266,-253,-258,-326,-321,-312,-308,-276,-301,-613,-602,-619,-618,-535,-534,-517,-506,-462,-404,-797,-803,-808,-818,-731,-644,-637,-632,-700,-700,-697,-696,-680,-617,-600,-584,-884,-877,-844,-826,-29990,-943,-29989,-29990,-29990,-845,-29992,-29993]} 1. d4 Nf6 2. c4 g6 3. Nc3 d5 4. Nf3 Bg7 5. e3 O-O 6. Bd2 Nc6 {LiveBook: 6 Games} 7. h3 {D94: Grünfeld: 4 Nf3 Bg7 5 e3} (7. cxd5 Nxd5 8. Nxd5 Qxd5 9. Bc3 Rd8 10. Be2 e5 11. dxe5 Qc5 12. Qc1 Qe7 13. O-O Nxe5 14. Rd1 Bf5 15. Nxe5 Bxe5 16. Bxe5 Qxe5 {1-0 (70) Guseva,M (2431)-Kashlinskaya,A (2441) Chita 2015}) 7... dxc4 8. Bxc4 b6 $146 ({Predecessor:} 8... Nd7 9. a3 e5 10. d5 Na5 11. Be2 Nb6 12. e4 c6 13. Na2 Nac4 14. Bb4 cxd5 15. Bxf8 Qxf8 16. Bxc4 dxc4 {1-0 (35) Rubingh,O (2299)-Narings,N (2155) Groningen 2003}) 9. O-O {The position is equal.} Bb7 10. Qe2 Na5 11. Ba6 c5 12. dxc5 Bxf3 13. gxf3 bxc5 14. Rfd1 c4 15. Bxc4 {Black should prevent Ba6.} Qc8 16. Ba6 Qxh3 17. b4 Nc6 18. Bb7 Rac8 $36 {[%mdl 2048] White is under pressure.} 19. Qf1 Qh5 {And now ...Ne5 would win.} 20. b5 (20. Bxc8 $11 Rxc8 21. Qa6) 20... Ne5 $17 {aiming for ...Rc7.} 21. f4 {[#]} Nf3+ (21... Nfg4 $1 $17 {[%csl Gg4][%cal Rh5h2][%mdl 512]} 22. Qg2 Nd3 23. Bxc8 Rxc8) 22. Bxf3 $1 $11 Qxf3 23. Qg2 Qh5 24. Be1 ({White should play} 24. Rac1 $15) 24... Rc5 25. Rab1 e5 26. Nd5 {[#]} (26. Qg5 $142) 26... Rxb5 $1 $17 {[%mdl 512] White must now prevent ...Nxd5.} 27. a4 (27. Bb4 $17 Nxd5 28. Rxd5 Rxd5 29. Qxd5) (27. Rxb5 Qxd1) 27... Rxd5 28. Rxd5 Nxd5 29. Qxd5 Qg4+ 30. Qg2 {[#]} Qf5 $1 {[%cal Rf5b1]} 31. Rb5 a6 32. Rb4 exf4 {Threatens to win with ...f3.} 33. exf4 Re8 34. Bd2 Rd8 35. Be1 Rd1 36. Qa8+ $2 (36. Rb8+ Bf8 37. Re8) 36... Bf8 $19 37. Re4 Qg4+ 38. Kf1 Qh3+ 39. Kg1 Qf3 40. Qe8 h5 {[%cal Bh7h5,Bh5h4,Bh4h3,Bh3g2][%mdl 32]} 41. Rc4 (41. Re3 $142 Qxf4 42. Kg2) 41... h4 {( -> ...h3)} 42. Kh2 h3 {[%csl Gh3][%cal Rf3g2]} 43. Qe4 Qg2+ 44. Qxg2 hxg2 {[%mdl 4096] Endgame KRB-KRB} 45. Re4 f5 46. Re6 Kf7 47. Rxa6 Rxe1 48. Kxg2 {KRB-KR} Ra1 49. a5 Bc5 50. Kg3 Ra2 51. f3 Bf2+ (51... Bg1 $142 52. Kh4 Bh2 53. Ra7+ Kf6 54. Ra6+ Kg7 55. Ra7+ Kh6 56. Rh7+ Kxh7 57. Kg5 Kg7 58. a6 Rg2+ 59. Kh4 Bxf4 60. Kh3 Rh2#) 52. Kh3 Be3 53. Kg3 Kg7 (53... Bg1 $142 54. Kh4 Bh2 55. Ra7+ Kf6 56. Ra6+ Kg7 57. Ra7+ Kh6 58. Rh7+ Kxh7 59. Kg5 Kg7 60. a6 Rg2+ 61. Kh4 Bxf4 62. Kh3 Rh2#) 54. Ra8 Bg1 {Precision: White = 24%, Black = 75%.} 0-1

[Event "Summer Chess Classic A 2018"]
[Site "Saint Louis"]
[Date "2018.05.15"]
[Round "1"]
[White "Zherebukh, Yaroslav"]
[Black "Bok, Benjamin"]
[Result "1/2-1/2"]
[WhiteElo "2628"]
[BlackElo "2636"]
[Annotator "TA"]
[PlyCount "64"]
[EventDate "2018.??.??"]
[EventType "tourn"]
[EventCountry "USA"]
[SourceTitle "playchess.com"]
[Source "ChessBase"]
[SourceQuality "1"]

{[%evp 13,64,16,18,0,0,-38,-12,-37,-31,-65,-62,-66,-33,-28,-38,-35,-12,-56,-45,-37,-53,-44,-46,-46,-46,-39,-55,-52,-42,-44,-27,-20,-6,-7,-2,-24,-14,-23,-22,-23,-29,-27,-24,-90,-91,-89,-103,-91,-44,-44,-44,-51,-50]} 1. Nf3 d5 2. g3 c6 3. Bg2 Bg4 {[%cal Bc8g4,Bg4h5,Bh5g6][%mdl 32]} 4. O-O Nd7 5. h3 Bh5 6. d4 {A07: Réti Opening: New York and Capablanca Systems} e6 7. c4 Be7 {LiveBook: 6 Games} 8. Nc3 {The position is equal.} dxc4 9. g4 $146 ({Predecessor:} 9. b3 cxb3 10. Qxb3 Qb6 11. Qa4 Ngf6 12. Rb1 Qc7 {0-1 (39) Matlakov,M (2718)-Giri,A (2752) Wijk aan Zee 2018}) 9... Bg6 10. e4 Ngf6 11. Qe2 b5 $1 12. Nh4 O-O (12... Nxe4 $5 13. Nxe4 Bxh4 14. Nd6+ Ke7 $11) 13. Nxg6 hxg6 14. Be3 e5 15. Rad1 Qc7 $1 16. f4 exd4 17. Bxd4 Nb6 18. Kh1 b4 19. Nb1 Rad8 20. Be5 Qc8 21. Nd2 Nfd7 {[%cal Bf6d7,Bd7b6,Bb6a4,Ba4c3][%mdl 32]} 22. Bd4 $1 Bc5 23. Nxc4 Qa6 {[#] Threatens to win with ...Bxd4.} 24. b3 $1 Nxc4 25. Ba1 Ndb6 26. bxc4 Qxc4 27. Qb2 $1 {[%csl Ga1][%cal Rb2g7] [#]} f6 28. Rxd8 (28. Rc1 $11 {keeps the balance.} Bd4 29. Rxc4 Bxb2 30. Rxb4 Bxa1 31. Rxa1) 28... Rxd8 $17 29. Rc1 Qd3 30. e5 ({But not} 30. Rxc5 $2 Na4 $19) 30... Na4 31. Qb3+ Qxb3 32. axb3 Nc3 {Precision: White = 56%, Black = 66%.} 1/2-1/2

[Event "Summer Chess Classic A 2018"]
[Site "Saint Louis"]
[Date "2018.05.15"]
[Round "1"]
[White "Sevian, Samuel"]
[Black "Prohaszka, Peter"]
[Result "1-0"]
[WhiteElo "2613"]
[BlackElo "2613"]
[Annotator "TA"]
[PlyCount "83"]
[EventDate "2018.??.??"]
[EventType "tourn"]
[EventCountry "USA"]
[SourceTitle "playchess.com"]
[Source "ChessBase"]
[SourceQuality "1"]

{[%evp 22,83,0,12,27,34,19,25,24,21,25,-3,0,0,0,0,0,0,75,66,70,55,55,62,64,63,113,100,79,77,96,66,157,134,295,288,283,270,502,495,493,489,699,516,517,514,501,493,468,452,369,313,284,199,204,198,199,199,775,725,2036,1888,1652,1541]} 1. e4 e5 2. Nf3 Nc6 3. Bb5 Nf6 4. O-O Nxe4 5. d4 Nd6 6. Bxc6 dxc6 7. dxe5 Nf5 8. Qxd8+ Kxd8 9. h3 Bd7 {C67: Ruy Lopez: Berlin Defence: 4 0-0 Nxe4} (9... Ke8 10. Nc3 h5 11. Rd1 Be7 12. Ne2 Be6 13. Nf4 Bc8 14. Ne2 Be6 15. b3 a5 16. a4 Rd8 17. Bg5 Bd5 18. Bxe7 Kxe7 {1-0 (49) Vachier Lagrave,M (2793)-Nakamura,H (2781) Caleta 2018}) 10. Rd1 Kc8 11. a4 Be7 12. a5 {LiveBook: 4 Games} h6 $146 ({Predecessor:} 12... c5 13. Nc3 Bc6 14. Nd5 Rd8 15. Nxe7+ Nxe7 16. Bg5 Bxf3 17. gxf3 Rxd1+ 18. Rxd1 {1-0 (32) Sutovsky,E (2657)-Howell,D (2640) London 2013}) 13. g4 {aiming for a6.} Nh4 14. Nxh4 Bxh4 15. Nc3 Rd8 16. f4 {[%cal Bf2f4,Bf4f5][%mdl 32]} Rb8 17. Be3 b6 18. Bf2 Be7 $1 19. Rd3 Kb7 (19... g6 $11 {keeps the balance.}) 20. f5 Be8 21. a6+ $40 {[%mdl 128] White mounts an attack.} Ka8 22. Rad1 Rxd3 23. Rxd3 Rc8 24. Kg2 Kb8 25. Kf3 c5 26. Nd5 Bf8 {[#]} ({Black should try} 26... c4 $14 27. Rd4 (27. Nxe7 cxd3 28. Nxc8 dxc2 $17) 27... Bc6) 27. c4 $1 $16 c6 $2 (27... Bc6 $16 {was called for.}) 28. Nc3 $18 Kc7 29. e6 {[%cal Be5e6,Be6e7][%mdl 32] Black must now prevent Bg3+.} Bd6 $2 (29... b5 {keeps fighting.} 30. cxb5 fxe6) 30. Ne4 Be5 31. e7 Bd7 (31... f6 $142 32. Bg3 Bxg3 33. Kxg3 Ra8) 32. Bg3 Bxg3 33. Kxg3 {[%mdl 4096] Endgame KRB-KRN} ({And not} 33. Nxg3 Re8 $11) 33... f6 34. Nd6 Rh8 35. Kh4 Be8 36. Rd2 Rg8 37. Nb7 Bd7 38. Nd8 {[#] Hoping for Ne6+.} Re8 39. Re2 Rg8 $2 (39... Rxd8 40. exd8=N (40. exd8=B+ Kxd8 41. b3 Be8 $16) 40... Kxd8) 40. Ne6+ {White is clearly winning.} Bxe6 41. Rxe6 ({Weaker is} 41. fxe6 Re8 $11) 41... Kd7 42. Kh5 {Precision: White = 70%, Black = 46%.} 1-0

[Event "Summer Chess Classic A 2018"]
[Site "Saint Louis"]
[Date "2018.05.15"]
[Round "1"]
[White "Indjic, Aleksandar"]
[Black "Akobian, Varuzhan"]
[Result "0-1"]
[WhiteElo "2600"]
[BlackElo "2641"]
[Annotator "TA"]
[PlyCount "120"]
[EventDate "2018.??.??"]
[EventType "tourn"]
[EventCountry "USA"]
[SourceTitle "playchess.com"]
[Source "ChessBase"]
[SourceQuality "1"]

{[%evp 15,120,21,33,12,27,0,9,-2,-6,-30,-33,-27,-31,-32,-24,-12,-39,-61,-68,-81,-55,-93,-44,-46,-43,-18,-14,-26,-35,-113,-37,-53,-46,-112,-100,-112,-118,-120,-119,-141,-127,-178,-177,-174,-168,-234,-247,-257,-247,-283,-292,-354,-277,-262,-138,-241,-169,-184,-175,-176,-177,-163,-136,-356,-394,-382,-313,-364,-234,-349,-354,-450,-432,-568,-354,-277,-191,-218,-200,-166,-115,-116,-88,-86,-86,-85,-85,-204,-216,-210,-207,-188,-205,-674,-605,-996,-983,-1120,-1106,-29957,-29959,-29965,-29965,-29966,-29969,-29967,-29968]} 1. d4 Nf6 2. c4 e6 3. Nc3 Bb4 4. Nf3 b6 5. e3 Bb7 6. Bd3 Ne4 7. O-O f5 8. Ne2 Bd6 {LiveBook: 19 Games. E43: Nimzo-Indian: Rubinstein: 4...b6} (8... O-O 9. a3 Bd6 10. b4 Qf6 11. Bb2 Qh6 12. Ng3 a5 13. b5 Bxg3 14. hxg3 d6 15. d5 Nd7 16. dxe6 Ndc5 {0-1 (54) Neverov,V (2516)-Amin,B (2665) Al Ain 2015}) 9. Nd2 Nf6 $146 ({Predecessor:} 9... Qh4 10. Ng3 O-O 11. Nf3 Qf6 12. Qc2 Bxg3 13. fxg3 Qe7 14. Bd2 d6 15. b4 Nd7 16. a4 {½-½ (24) Schulte,T (2164)-Braun,P (2221) Ditzingen 2005}) 10. f3 c5 {The position is equal.} 11. b3 Nc6 12. Bb2 Qc7 13. h3 cxd4 14. exd4 Nh5 15. Nb1 O-O 16. Na3 a6 17. Nc2 Rae8 18. Qd2 Ne7 19. Ba3 $1 Bxa3 20. Nxa3 Ng6 21. Nc2 Rf6 22. Kh1 (22. Rf2 $15) 22... h6 (22... e5 $1 $17 {[%cal Re5e4] Strongly threatening ...e4.} 23. dxe5 Nxe5) 23. Qe3 e5 {aiming for ...e4.} 24. g4 (24. d5 $15) 24... fxg4 $17 25. hxg4 Nhf4 26. d5 Nxd3 27. Qxd3 Ref8 28. Ng3 (28. Rae1 $17 {keeps fighting.}) 28... Nh4 $1 $19 29. Ne1 d6 30. a4 (30. Rc1 {was called for.}) 30... Bc8 31. Ra2 Rf4 32. Rh2 Qe7 33. Kg1 {[#]} e4 $1 {[%mdl 512]} 34. fxe4 Qg5 (34... Bxg4 35. Rxf4 Rxf4 36. Rxh4 $17) (34... Rxg4 $19 35. Rxf8+ Kxf8) 35. Rhf2 (35. Rxf4 $17 Qxf4 36. Nf5 Qxg4+ 37. Qg3 Nf3+ 38. Nxf3 Qxg3+ 39. Nxg3 Rxf3 40. Nf5 Bxf5 41. exf5) 35... Rxf2 (35... Qxg4 36. Rxf4 Rxf4 37. Rxf4 $17) 36. Rxf2 Rxf2 ({Resist} 36... Qxg4 37. Rxf8+ Kxf8 38. Qe3 $15) 37. Kxf2 Qf4+ ({Inferior is} 37... Qxg4 38. Qe3 $11) 38. Kg1 Bxg4 39. Ng2 $2 (39. Nf1 $17) 39... Nf3+ 40. Kf2 Qc1 41. Ne2 Qb2 42. Qc3 (42. Ne3 {might work better.} Bh5 43. Nf5) 42... Qb1 43. Kg3 Ne5 44. Nef4 Qxe4 ({Less strong is} 44... Qg1 45. Qe1 $19) 45. Qe3 Qxe3+ 46. Nxe3 {[%mdl 4096] Endgame KBN-KNN} Bd7 47. Ne6 g6 (47... Bxe6 $19 48. dxe6 Nd3) 48. Nc7 $17 Bc8 $1 49. Ne8 Nf7 50. Nc7 {[#]} Bb7 $1 51. Ng4 {[#]} (51. Ne6 $17 {was worth a try.}) 51... Kf8 $1 $19 52. Nf6 Ne5 53. Ne6+ Kf7 54. Ng4 $2 (54. Ne4 Ke7 55. Nd4) 54... Nxg4 55. Nd8+ Ke7 56. Nxb7 Nf6 57. a5 Ne4+ {Black mates.} 58. Kg2 Nc5 59. b4 Nxb7 60. b5 Nc5 {Precision: White = 29%, Black = 76%.} 0-1

[Event "Summer Chess Classic A 2018"]
[Site "Saint Louis"]
[Date "2018.05.16"]
[Round "2"]
[White "Akobian, Varuzhan"]
[Black "Xiong, Jeffery"]
[Result "1-0"]
[WhiteElo "2641"]
[BlackElo "2661"]
[Annotator "TA"]
[PlyCount "76"]
[EventDate "2018.??.??"]
[EventType "tourn"]
[EventCountry "USA"]
[SourceTitle "playchess.com"]
[Source "ChessBase"]
[SourceQuality "1"]

{[%evp 27,76,6,4,0,0,0,0,0,0,0,0,0,0,0,-2,0,80,77,173,173,172,166,166,158,152,111,170,154,147,165,113,115,103,89,173,133,311,294,580,575,583,553,516,491,1579,0,466,0,1601,1552,804]} 1. d4 Nf6 2. c4 g6 3. Nc3 d5 4. Nf3 Bg7 5. cxd5 Nxd5 6. e4 Nxc3 7. bxc3 c5 8. Be3 Qa5 9. Qd2 O-O 10. Rc1 Nd7 11. d5 {D85: Exchange Grünfeld: Unusual White 7th moves and lines with 7 Nf3} Nf6 12. c4 Qxd2+ 13. Nxd2 b6 14. f3 (14. h3 e6 15. Bd3 Re8 16. O-O Ba6 17. Bc2 exd5 18. exd5 b5 {0-1 (78) Akobian,V (2647)-Nepomniachtchi,I (2729) Riadh 2017}) 14... e6 {LiveBook: 3 Games} 15. Kf2 {[#]} Nd7 $146 ({Predecessor:} 15... Ne8 16. a4 f5 17. exf5 exd5 18. cxd5 Bxf5 {0-1 (85) Ladva,O (2513)-Bok,B (2594) St Petersburg 2016}) 16. f4 e5 17. g3 f5 $1 18. exf5 Nf6 {White must now prevent ...Ng4+.} 19. Bh3 Bxf5 20. Bxf5 gxf5 21. h3 Rae8 (21... e4 $11 {keeps the balance.}) 22. fxe5 $1 $16 Ne4+ (22... Rxe5 $16 23. Bf4 Ne4+ 24. Nxe4 fxe4) 23. Nxe4 $18 fxe4+ 24. Ke2 $1 {Strongly threatening e6.} Bxe5 {[#]} 25. Rcf1 $1 h5 26. Bf4 Rf5 (26... Rf7 $16) 27. a4 e3 28. Bxe3 Rxf1 29. Rxf1 Bxg3 $16 {[%mdl 4096] Endgame KRB-KRB} 30. Kd3 h4 (30... Rf8 $16 31. Rg1 h4) 31. Rf3 $18 Re7 $2 {[#]} (31... Kg7 $16 32. a5 Kg6) 32. Bf4 $1 {[%cal Rf4g3]} Bxf4 $2 (32... Rg7 {was called for.} 33. Ke4 Re7+ 34. Kf5 Rg7) 33. Rxf4 {KR-KR} Re1 34. Rxh4 Rd1+ 35. Ke3 Re1+ (35... Kg7 $142 36. Rf4 Ra1) 36. Kd3 (36. Kf4 $142 Kf8 37. Kf5) 36... Rd1+ $1 37. Ke3 (37. Ke2 $142 Ra1 38. Rf4 Ra2+ 39. Ke3 Rxa4 40. d6) 37... Re1+ $1 38. Kf4 Kf7 {Precision: White = 86%, Black = 47%.} 1-0

[Event "Summer Chess Classic A 2018"]
[Site "Saint Louis"]
[Date "2018.05.16"]
[Round "2"]
[White "Bok, Benjamin"]
[Black "Jumabayev, Rinat"]
[Result "1/2-1/2"]
[WhiteElo "2636"]
[BlackElo "2621"]
[Annotator "TA"]
[PlyCount "103"]
[EventDate "2018.??.??"]
[EventType "tourn"]
[EventCountry "USA"]
[SourceTitle "playchess.com"]
[Source "ChessBase"]
[SourceQuality "1"]

{[%evp 18,103,16,3,32,17,27,27,44,25,28,29,40,24,45,10,19,11,16,10,34,33,33,33,32,32,31,43,64,64,57,56,60,47,56,56,64,64,64,64,64,57,64,64,64,64,64,64,64,64,64,47,55,32,32,26,29,33,38,26,30,35,38,26,26,27,45,45,45,45,45,45,53,45,45,50,45,17,17,17,17,17,19,19,19,17,13,8]} 1. Nf3 d5 2. g3 g6 3. Bg2 Bg7 4. d4 Nf6 5. O-O O-O 6. c4 c6 7. Nbd2 a5 8. b3 a4 {D78: Fianchetto Grünfeld: 6 0-0 c6} 9. Ba3 Re8 10. e3 {LiveBook: 11 Games} Nbd7 (10... Bf5 11. Qe2 e6 12. h3 Ne4 13. Rfc1 h5 14. Ne5 Nxd2 15. Qxd2 Nd7 16. Nd3 {½-½ (49) Caruana,F (2799)-Grischuk,A (2782) Saint Louis 2017}) 11. Bb2 b5 12. Ne5 {[%cal Bf3e5,Be5d3,Bd3b4][%mdl 32]} Qb6 $146 ({Predecessor:} 12... bxc4 13. bxc4 a3 14. Bc3 Nxe5 15. dxe5 Ng4 16. cxd5 cxd5 {½-½ (36) Nisipeanu,L (2672)-Perske,T (2443) Germany 2018}) 13. c5 Qb7 {[#] ...a3 is the strong threat.} 14. Nd3 Nf8 15. Nb4 Bf5 16. h3 h5 17. f3 Bh6 {And now ...a3 would win.} 18. Qe2 axb3 19. axb3 Rxa1 20. Rxa1 Ra8 21. Nf1 Be6 22. Qe1 N8d7 23. Rxa8+ Qxa8 24. Qa1 Qxa1 25. Bxa1 Nb8 26. Bc3 Ne8 27. g4 hxg4 28. hxg4 Nc7 29. Kf2 f6 30. Bh3 Kf7 31. Nd3 Bg7 32. Ng3 Nca6 33. Ne2 Bc8 34. Nec1 Nd7 35. Na2 e5 36. Nab4 Nxb4 37. Nxb4 {[#] Hoping for g5.} Nb8 38. Bg2 Bb7 39. Nd3 {[%cal Rd4e5]} Nd7 40. Ke2 exd4 41. Bxd4 Bf8 42. b4 Bc8 43. f4 Bg7 44. Kf3 Nb8 45. Kg3 Na6 46. Bh3 Bd7 47. f5 gxf5 {The position is equal.} 48. gxf5 Bh6 49. Kf3 Ke7 50. Bc3 Be8 51. Bg4 Nb8 52. Bd4 {Precision: White = 63%, Black = 67%.} 1/2-1/2

[Event "Summer Chess Classic A 2018"]
[Site "Saint Louis"]
[Date "2018.05.16"]
[Round "2"]
[White "Zherebukh, Yaroslav"]
[Black "Sevian, Samuel"]
[Result "1/2-1/2"]
[WhiteElo "2628"]
[BlackElo "2613"]
[Annotator "TA"]
[PlyCount "82"]
[EventDate "2018.??.??"]
[EventType "tourn"]
[EventCountry "USA"]
[SourceTitle "playchess.com"]
[Source "ChessBase"]
[SourceQuality "1"]

{[%evp 9,82,-23,-27,-36,-8,-19,-25,-35,-15,-49,-22,-32,-28,-133,-130,-130,-145,-126,-111,-114,-49,-68,-25,-45,-39,-91,-102,-77,-78,-125,-79,-157,-139,-144,-139,-165,-178,-202,-198,-242,-146,-128,-152,-126,0,0,0,0,0,0,0,0,0,0,0,0,0,0,0,0,0,0,0,0,0,0,0,0,0,0,0,0,0,0,0]} 1. a3 e5 2. c3 (2. c4 Nf6 3. Nc3 g6 4. Nf3 Nc6 5. g3 Bg7 6. Bg2 O-O 7. O-O d6 8. b4 Nd4 9. Bb2 c6 10. d3 Re8 11. Nd2 Be6 12. e3 Nf5 13. Ne2 Nd7 14. e4 Ne7 15. f4 {1-0 (32) Carlsen,M (2802)-Eljanov,P (2742) Moscow 2010}) 2... d5 3. d4 Nd7 4. dxe5 Nxe5 5. Nf3 $146 ({Predecessor:} 5. Nd2 Bc5 6. Ngf3 Ng4 7. Nd4 N8f6 8. h3 Ne5 9. N2f3 Nxf3+ 10. exf3 {0-1 (32) Sedlar,J (2084)-Bednar,J (2416) Slovakia 2006}) 5... Nxf3+ 6. exf3 {A00: Irregular Openings} c6 7. Bd3 Bd6 8. O-O {Black has an edge.} Qc7 9. g3 Ne7 10. Re1 h5 11. c4 {[#]} (11. f4 $11) 11... h4 $1 $17 {[%cal Rh4g3]} 12. f4 hxg3 13. hxg3 Be6 14. f5 Bd7 (14... Bxg3 $17 15. fxe6 Bxf2+ 16. Kxf2 Rh2+ 17. Kf3 Rh3+ 18. Ke2 O-O-O) 15. Qf3 $1 $15 O-O-O {And now ...dxc4 would win.} 16. cxd5 Nxd5 17. Nd2 (17. Nc3 $15) 17... c5 $17 18. Ne4 ({Not} 18. Qxd5 $2 Bc6 $19) 18... Bc6 19. Bg5 Be7 20. Bd2 (20. b4 $142) 20... Nf6 {[#] Threatens to win with ...c4!} 21. Bc3 Rh6 22. Rac1 Rdh8 23. Bxf6 Bxf6 24. Rxc5 Rh1+ 25. Qxh1 Rxh1+ 26. Kxh1 Bxe4+ (26... Bxb2 $17 {Strongly threatening ...Bd4.} 27. Rc2 Bxa3) 27. Rxe4 $11 {The position is equal.} Qxc5 28. Rc4 Qxc4 29. Bxc4 Bxb2 {[%mdl 4096] Endgame KB-KB} 30. a4 f6 31. Kg2 Kc7 32. Kf3 Bd4 33. Ke2 Kc6 34. f3 Kc5 35. Kd3 Be5 36. g4 Kb4 37. Bb5 a6 38. Bd7 Kc5 39. Be8 Kd6 40. Bf7 b5 41. axb5 axb5 {Precision: White = 64%, Black = 70%.} 1/2-1/2

[Event "Summer Chess Classic A 2018"]
[Site "Saint Louis"]
[Date "2018.05.16"]
[Round "2"]
[White "Durarbayli, Vasif"]
[Black "Indjic, Aleksandar"]
[Result "1-0"]
[WhiteElo "2618"]
[BlackElo "2600"]
[Annotator "TA"]
[PlyCount "85"]
[EventDate "2018.??.??"]
[EventType "tourn"]
[EventCountry "USA"]
[SourceTitle "playchess.com"]
[Source "ChessBase"]
[SourceQuality "1"]

{[%evp 9,85,6,9,-23,-21,-10,-13,-40,-25,-42,11,-4,10,0,-2,-28,8,2,0,-14,0,0,0,0,0,0,0,0,0,0,0,0,0,0,9,0,8,0,0,0,0,0,16,26,21,21,21,21,18,20,156,147,147,142,207,157,208,206,201,126,361,252,353,309,374,367,412,293,459,439,530,491,616,622,593,567,665,487]} 1. e4 c6 2. d4 d5 3. e5 c5 4. dxc5 e6 5. Be3 Nd7 {LiveBook: 59 Games} 6. f4 {B12: Caro-Kann: Advance Variation} (6. Nf3 Ne7 7. c4 dxc4 8. Bxc4 Nf5 9. Bf4 Bxc5 10. O-O O-O 11. Nc3 Nb6 12. Bd3 Bd7 13. Ne4 Be7 {½-½ (33) Liu,Q (2502)-Li,C (2720) China 2017}) 6... Bxc5 7. Bxc5 Nxc5 8. Nc3 {The position is equal.} Ne7 9. Qd4 $146 ({Predecessor:} 9. Qd2 a6 10. Nf3 O-O 11. Bd3 b5 12. Bxh7+ Kxh7 13. Qf2 b4 {0-1 (56) Stukopin,A (2485)-Popov,I (2605) Moscow 2012}) 9... b6 (9... Qb6 $15 10. Bb5+ Bd7 11. Bxd7+ Kxd7) 10. O-O-O O-O 11. Nf3 Bd7 12. Bd3 Rc8 13. Kb1 Qc7 14. Qf2 Nxd3 15. cxd3 Qc5 16. Qd2 b5 17. Rc1 {[#] Strongly threatening Na4!} Qb6 18. Ne2 b4 19. Ned4 a5 20. Rxc8 Rxc8 21. Rc1 Rxc1+ 22. Kxc1 Ba4 23. Qe3 Nf5 24. Qg1 g5 25. Kd2 {Threatens to win with Nxf5.} Nxd4 26. Nxd4 gxf4 27. Qf2 Bd7 28. Qxf4 a4 29. h4 a3 {[#]} (29... Qc5 $11) 30. b3 $1 $16 Qc5 31. Ne2 Qe7 (31... Qf8 $16) 32. Qh6 Bb5 (32... Bc6 $16 {keeps fighting.} 33. g4 Bb5) 33. g3 $18 Qd8 34. h5 Qf8 $2 (34... Qe7 $16 {is a better defense.}) 35. Qxf8+ Kxf8 {[%mdl 4096] Endgame KB-KN} 36. Nd4 Bd7 37. Ke3 Kg7 38. Kf4 Kh6 (38... f5 $142 39. Nc2 Bb5) 39. g4 {White is clearly winning.} Be8 40. Nc2 Bb5 41. Nxb4 d4 42. Nc2 Bxd3 43. Nxa3 {Precision: White = 60%, Black = 39%.} 1-0